000 00742nam a2200229 a 4500
001 25950
003 CO-ViMGA
008 141112s2004 ck r 000 u spa d
015 _ack - 2007 - xxxx
020 _a9586763844
040 _aCO-ViMGA
_bspa
_cCO-ViMGA
082 0 4 _a346.0166 C15d
100 1 _aCanosa Torrado, Fernando, 1958 -
_940493
245 1 0 _aDivorcio de matrimonio civil y cesación de los efectos civiles del matrimonio religioso /
_cFernando Canosa Torrado
246 _aDivorcio
260 _aBogotá :
_bDoctrina y Ley,
_c2007
300 _a752 p. ; 25 cm
500 _aIncluye índice de autores y materias.
650 1 4 _aDivorcio - Legislación - Colombia.
_940494
917 _a2433 20070604
942 _2ddc
_cBK
999 _c33186
_d33186